| 000 | 00612nam a22002057a 4500 | ||
|---|---|---|---|
| 003 | OSt | ||
| 005 | 20140310182920.0 | ||
| 008 | 130129t xxu||||| |||| 00| 0 eng d | ||
| 020 | _a9719213736 | ||
| 050 |
_aBF637 _b.R643 2003 |
||
| 082 |
_aFIL 155.2 _bR64 2003 |
||
| 245 |
_aBecoming a winner: _ba workbook on personality development and character building _cby Amelia Samson Roldan. |
||
| 260 |
_aManila: _bSkill Development & Management Services, _cc2003. |
||
| 300 |
_a201 p.: _bill.; _c25 cm. |
||
| 521 | _aCollege | ||
| 526 | _c1210L-1700L | ||
| 541 | _j1 | ||
| 562 | _e1 | ||
| 942 |
_2lcc _cBK _kFIL |
||
| 999 |
_c17340 _d17340 |
||